| 000 | 00776nam a2200253 a 4500 | ||
|---|---|---|---|
| 008 | |||
| 020 | _a0471045489 (pbk.) | ||
| 049 | _aMAIN | ||
| 090 | 0 |
_aTA165 _bDAL |
|
| 100 | 1 | _aDally, James W. | |
| 245 | 1 | 0 |
_aInstrumentation for engineering measurements / _cJames W. Dally, William F. Riley, Kenneth G. McConnell. |
| 260 |
_aNew York : _bWiley, _c1984. |
||
| 300 |
_axv, 576 p. : _bill. ; _c24 cm. |
||
| 500 | _aIncludes index. | ||
| 504 | _aIncludes bibliographical references. | ||
| 650 | 0 | _aEngineering instruments. | |
| 700 | 1 | _aRiley, William F. | |
| 700 | 1 | _aMcConnell, Kenneth G. | |
| 907 |
_a.b10115584 _b23-04-12 _c25-03-04 |
||
| 003 | |||
| 005 | 20230123133653.0 | ||
| 040 | _cNUST | ||
| 942 |
_cBOOKS _kTA165 _mDAL |
||
| 999 |
_c152603 _d152603 |
||